000 00714nam a22002417a 4500
001 BR8202666
003 BR-BrBNA
005 20230928091317.0
007 ta
008 230509b bl.||||| |||| 00| 0 por d
040 _aBR-BrBNA
_bpor
_cBiblioteca Nacional de Agricultura
041 _a(Por)
072 _aL00
_b5213
090 _ 5213 BR8202666
110 1 _aAssociacao Brasileira dos Criadores de Zebu, Uberaba, MG (Brasil)
245 1 _aRelatorio final da prova 29. Prova oficial de ganho em peso. Periodo de 15/05/82 a 19/10/82
260 3 _aUberaba, MG (Brasil):
_c1982.
300 _a6 p.
650 _aGADO ZEBU
650 _aGANHO DE PESO
909 _a202309
_bLucia
_c55
_dLucia Elande
942 _cBK
999 _c33329
_d33329